000
00266nam a2200109Ia 4500
008
220204s9999 xx 000 0 und d
082
_a
658
_b
CAR
100
_a
Carsberg, Bryan
245
0
_a
Economics of business decisions
260
_a
UK
_b
Penguin
_c
1975
942
_c
BK
999
_c
24761
_d
24761